The double helix and the law of evidence / (Record no. 592449)
[ view plain ]
| 000 -LEADER | |
|---|---|
| fixed length control field | 01596cam a22003014a 4500 |
| 001 - CONTROL NUMBER | |
| control field | 15773947 |
| 005 - DATE AND TIME OF LATEST TRANSACTION | |
| control field | 20221120131121.0 |
| 008 - FIXED-LENGTH DATA ELEMENTS--GENERAL INFORMATION | |
| fixed length control field | 090612s2010 maua b 001 0 eng |
| 010 ## - LIBRARY OF CONGRESS CONTROL NUMBER | |
| LC control number | 2009023848 |
| 020 ## - INTERNATIONAL STANDARD BOOK NUMBER | |
| International Standard Book Number | 9780674035881 (hbk.) |
| 020 ## - INTERNATIONAL STANDARD BOOK NUMBER | |
| International Standard Book Number | 0674035887 (hbk.) |
| 035 ## - SYSTEM CONTROL NUMBER | |
| System control number | (OCoLC)ocn318876881 |
| 040 ## - CATALOGING SOURCE | |
| Original cataloging agency | DLC |
| Transcribing agency | DLC |
| Modifying agency | BTCTA |
| -- | YDXCP |
| -- | C#P |
| -- | DLC |
| 043 ## - GEOGRAPHIC AREA CODE | |
| Geographic area code | n-us--- |
| 050 00 - LIBRARY OF CONGRESS CALL NUMBER | |
| Classification number | KF9666.5 |
| Item number | .K39 2010 |
| 082 00 - DEWEY DECIMAL CLASSIFICATION NUMBER | |
| Classification number | 347.764 |
| Author Mark | KAY |
| 100 1# - MAIN ENTRY--PERSONAL NAME | |
| Personal name | Kaye, D. H. |
| Fuller form of name | (David H.), |
| Dates associated with a name | 1947- |
| 9 (RLIN) | 103205 |
| 245 14 - TITLE STATEMENT | |
| Title | The double helix and the law of evidence / |
| Statement of responsibility, etc. | David H. Kaye. |
| 260 ## - PUBLICATION, DISTRIBUTION, ETC. | |
| Place of publication, distribution, etc. | London : |
| Name of publisher, distributor, etc. | Harvard University Press, |
| Date of publication, distribution, etc. | 2010. |
| 300 ## - PHYSICAL DESCRIPTION | |
| Extent | xvi, 330 p. : |
| Other physical details | ill. ; |
| Dimensions | 24 cm. |
| 504 ## - BIBLIOGRAPHY, ETC. NOTE | |
| Bibliography, etc. note | Includes bibliographical references (p. [293]-318) and index. |
| 505 0# - FORMATTED CONTENTS NOTE | |
| Formatted contents note | Before DNA : genetic markers -- Trial by mathematics -- The dawn of DNA typing -- The emergence of VNTR profiling -- The intensifying debate over probability and population genetics -- The initial reaction to the 1992 NRC report -- Ending the debate over population genetics -- Moving back to errors and relatives -- Moving on to short tandem repeat loci -- Transcending race and unscrambling mixed stains -- Outside the nucleus : mitochondrial DNA -- Stray hairs -- Learning from DNA. |
| 650 #0 - SUBJECT ADDED ENTRY--TOPICAL TERM | |
| Topical term or geographic name entry element | DNA fingerprinting |
| General subdivision | Law and legislation |
| Geographic subdivision | United States. |
| 9 (RLIN) | 103206 |
| 650 #0 - SUBJECT ADDED ENTRY--TOPICAL TERM | |
| Topical term or geographic name entry element | Forensic genetics. |
| 9 (RLIN) | 103207 |
| 906 ## - LOCAL DATA ELEMENT F, LDF (RLIN) | |
| a | 7 |
| b | cbc |
| c | orignew |
| d | 1 |
| e | ecip |
| f | 20 |
| g | y-gencatlg |
| 942 ## - ADDED ENTRY ELEMENTS (KOHA) | |
| Source of classification or shelving scheme | |
| Koha item type | Book |
| Withdrawn status | Lost status | Source of classification or shelving scheme | Damaged status | Not for loan | Permanent Location | Current Location | Shelving location | Date acquired | Source of acquisition | Full call number | Barcode | Date last seen | Price effective from | Koha item type |
|---|---|---|---|---|---|---|---|---|---|---|---|---|---|---|
| NUST Law School (NLS) | NUST Law School (NLS) | Law | 11/20/2022 | Multi Line Books | 347.764 KAY | CL-1393 | 11/21/2025 | 11/20/2022 | Book |
